000 00317nam a2200133Ia 4500
005 20260328104323.0
008 260328s9999||||xx |||||||||||||| ||und||
100 _aBrace Taylor, Brian
245 0 _aRaj Rewal /
_cBrian Brace Taylor
260 _bMimar Books
300 _a160 p.
650 _aOFICINAS
942 _cBK
999 _c11415
_d11415